| 000 | 00400nam a22001337a 4500 | ||
|---|---|---|---|
| 005 | 20180806153716.0 | ||
| 020 |
_a8778160065 _c00.00 |
||
| 035 | _aB-81851, B-081845, B-081844 | ||
| 037 |
_aDPL _bENG |
||
| 245 | _aNotes on the lectures of L.ron hubbard | ||
| 260 |
_aDenmark _bNew Era Publications International Aps _c1994 |
||
| 300 |
_a269p. _c22 cms. |
||
| 942 |
_2ddc _cEN _h158.1 _mHUB |
||
| 999 |
_c64066 _d64066 |
||